Medi natural 1 : cicle mitjà : primària

Gespeichert in:
Bibliographische Detailangaben
Körperschaft: Equipo Emacedos
Format: Buch
Sprache:Katalanisch
Erschienen: Madrid : Anaya, cop. 1993
Katalog:MANES:  Suchergebnis im Bibliothekskatalog
Schulbuchspezifische Eigenschaften:
Tags: Tag hinzufügen
Keine Tags, Fügen Sie den ersten Tag hinzu!
Hinzugefügt zu:15.10.2003
Geändert in:20.05.2026

MARC

LEADER 00000nam a2200000 a 4500
001 .b3018954
003 ES-BaCBU
005 20260520184508.0
008 031016s1993 sp a b|1 000 ||cat|c
017 |a DL B. 27316-1995 
020 |a 8420752401 
035 |a 8420752401  |9 ES-BaUB001  |a 0782-94560  |9 ES-BaUB035 
040 |a ES-BaUB  |b cat  |c ES-BaUB 
110 2 |a Equipo Emacedos  |9 32778 
245 1 0 |a Medi natural 1 :  |b cicle mitjà : primària /  |c Equip Emacedos 
260 |a Madrid :  |b Anaya,  |c cop. 1993 
300 |a 165 p.:  |b il. col. 
546 |a España 
561 |5 es-CRAI  |3 p1 TX EP 4/3 ANA  |a España. Biblioteca Universitat de Barcelona  |k MANES 
690 0 |a CN 
691 0 |a PRI 
942 |2 ddc  |c BK 
999 |c 89621  |d 89621 
999 |c manes:89621  |d 89621